000 01285nam0a2200313 4500
001 RU\NLR\bibl\1052173
005 20260405195609.0
010 _a5-7890-0390-7
_9100
021 _aRU
_b2007-914
_939
035 _a(NLR Aleph) 001039480
090 _a809469
_c809469
100 _a20070228d2006 |||y0rusy50 ca
101 0 _arus
102 _aRU
105 _ay |||||||||
200 1 _aЭволюция экологического сознания в условиях современного общества
_fМ.А. Басилаиа
_gФедер. агентство по образованию, Гос. образоват. учреждение высш. проф. образования Дон. гос. техн. ун-т
210 _aРостов-на-Дону
_cДГТУ
_d2006
215 _a98 с.
_d20
320 _aБиблиогр.: с. 91-97 (111 назв.)
606 1 _aЭкологическое сознание
_92127071
_3RU\NLR\auth\661283775
686 _aЮ937.235
686 _aС550.03
700 1 _4070
_8rus
_7ca
_aБасилаиа
_bМ. А.
_gМариана Артёмовна
_3RU\NLR\auth\7787259
_970187
801 0 _aRU
_bNLR
_c20070228
_gRCR
801 1 _aRU
_bNLR
_c20070228
830 _aавт. по кн.
942 _cBOOK
980 _aNB